| 000 | 00000cam 2200000zi 4500 |
| 001 | 9.957400 |
| 003 | CaOODSP |
| 005 | 20260528135207 |
| 006 | m o d f |
| 007 | cr cn |||||||| |
| 008 | 251118t20252025oncao o f000 0 fre d |
| 020 | |a9780660797755 |
| 040 | |aCaOODSP|bfre|erda|cCaOODSP |
| 043 | |an-cn--- |
| 086 | 1 |aT94-106/2025F-PDF |
| 245 | 03|aUn endroit où nous pouvons respirer, guérir et avoir notre place : |bce que des femmes et des personnes bispirituelles, transgenres et issues de la diversité de genre de toutes origines ont dit à la commission d'examen Neha au sujet de leur droit à un logement sûr, suffisant et abordable. |
| 246 | 10|aCe que des femmes et des personnes bispirituelles, transgenres et issues de la diversité de genre de toutes origines ont dit à la commission d'examen Neha au sujet de leur droit à un logement sûr, suffisant et abordable |
| 246 | 17|aCommission d'examen Neha |
| 246 | 17|aCe que nous avons entendu |
| 264 | 1|aOttawa (Ontario) : |bLogement, infrastructures et communautés Canada, |c2025. |
| 264 | 4|c©2025 |
| 300 | |a1 ressource en ligne (60 pages) : |billustrations, photographies |
| 336 | |atexte|btxt|2rdacontent/fre |
| 337 | |ainformatique|bc|2rdamedia/fre |
| 338 | |aressource en ligne|bcr|2rdacarrier/fre |
| 500 | |aTitre de la couverture. |
| 500 | |aPublié aussi en anglais sous le titre : A place where we can breathe, heal, and belong : what women, Two Spirit, Trans, and gender-diverse people of all origins told the Neha Review Panel about their right to safe, adequate, and affordable housing. |
| 520 | |a« Le Canada est aux prises avec une grave crise du logement. L'urgence est particulièrement grande pour les femmes; les personnes bispirituelles, transgenres et issues de la diversité de genre ; et, encore plus, les personnes qui sont victimes de racisme, de discrimination fondée sur la capacité physique, l'homophobie, la transphobie ou d'autres formes d'oppression, en plus du sexisme » -- Page 6. |
| 650 | 6|aLogement|xPolitique gouvernementale|zCanada|xParticipation des citoyens. |
| 650 | 6|aFemmes|xLogement|xServices|zCanada. |
| 650 | 6|aPersonnes bispirituelles|xLogement|xServices|zCanada. |
| 650 | 6|aTransgenres|xLogement|xServices|zCanada. |
| 710 | 1 |aCanada. |bLogement, infrastructures et collectivités Canada, |eorganisme de publication. |
| 775 | 08|tA place where we can breathe, heal, and belong : |w(CaOODSP)9.957399 |
| 856 | 40|qPDF|s24.4 Mo|uhttps://publications.gc.ca/collections/collection_2026/licc-hicc/T94-106-2025-fra.pdf |